000 00326nam a2200145Ia 4500
008 230405s9999 xx 000 0 und d
020 _a9789350643327
082 _a928
_bPRIA
100 _aAmrita Pritam
245 0 _aAksharo Ke Saye
260 _aDelhi
_bRajpal & Sons
300 _a144
650 _aBiography
942 _cBK
999 _c1440
_d1440